000 01013nam0a2200301 4500
001 RU\NLR\bibl\49150
005 20250616083345.0
010 _a5-88369-086-6
_9250
021 _aRU
_b99-28618
_91391
035 _a(NLR Aleph) 000047935
090 _a255135
_c255135
100 _a19990923d1998 |||y0rusy50 ca
101 0 _arus
102 _aRU
105 _aa |||||||||
200 1 _aОт Марка святое благовествование
_f[Грав. Г. Доре]
210 _aМ.
_cЯникО
_d1998
215 _a210 с.
_cил.
_d5
300 _aЗагл. обл.: Евангелие от Марка
500 1 1 _aБиблия
_iН.З.
_iЕвангелие от Марка
_2psbo
605 _aБиблия
_iНовый Завет
_iЕвангелие от Марка
_92079126
_3RU\NLR\auth\661254999
686 _aЭ37-220.911.32
801 0 _aRU
_bNLR
_c19990923
_gPSBO
801 1 _aRU
_bNLR
_c19990923
852 _aNLR
_j72-0/1105
942 _cBOOK
980 _aNB